00294nam a2200097Ia 4500008004100000041000800041100002300049245007300072260003200145300001900177241028s9999 xx 000 0 und d aeng aArmstrong, Michael aArmstrong's Handbook of Performance Management by Armstrong, Michael bKogan PageaNew Delhic2010 a320;. P. 23 Cm